| 000 | 00582nam a22002053a 4500 | ||
|---|---|---|---|
| 005 | 20240806063810.0 | ||
| 008 | 010801s19881995mx fr 000 0 spa d | ||
| 020 | _a9688231959 | ||
| 035 | _aUPN01000110401 | ||
| 049 | _aI | ||
| 050 | 4 |
_aQ111 _bC6 no.6 |
|
| 100 | 1 |
_aDucrocq, Albert, _d1921- |
|
| 245 | 1 | 3 |
_aLa vida del agua / _cil. Jacques Lortey. |
| 260 |
_aMéxico : _bCONACYT : _bAlhambra Mexicana, _c1988 (1995 impr.) |
||
| 300 |
_a59 p. : _bil., col. |
||
| 440 | 0 |
_aCONACYT te cuenta ; _v6 |
|
| 650 | 0 |
_aAgua _92210 |
|
| 650 | 4 |
_aLiteratura juvenil _95153 |
|
| 905 | _aInfantil | ||
| 999 |
_c84310 _d84310 |
||